[Event "TCh-FRA Top 12 2015"]
[Site "Montpellier FRA"]
[Date "2015.06.09"]
[Round "11.3"]
[Board "2"]
[White "Bedouin, Xavier"]
[Black "Bauer, Christian"]
[Result "0-1"]
[WhiteTitle "IM"]
[BlackTitle "GM"]
[WhiteElo "2336"]
[BlackElo "2624"]
[WhiteTeam "POITIERS-MIGNE"]
[BlackTeam "C-E BOIS-COLOMBES"]
[WhiteFideId "617040"]
[BlackFideId "603767"]
[EventDate "2015.05.30"]

1. e4 c6 2. d4 d5 3. Nd2 g6 4. Ngf3 Bg7 5. c3 Nh6 6. Bd3 O-O 7. O-O f6 8. Re1
Nf7 9. Qc2 e5 10. dxe5 fxe5 11. b3 Re8 12. Ba3 Nd7 13. c4 d4 14. c5 Bf8 15. b4
b5 16. Nb3 a5 17. bxa5 Rxa5 18. Nxa5 Qxa5 19. Bc1 Nxc5 20. a4 Nxd3 21. Qxd3 Be6
22. Bb2 bxa4 23. Rec1 c5 24. Ba3 Rc8 25. Nd2 Nd6 26. Qc2 Bh6 27. Rd1 Bxd2 28.
Rxd2 Bb3 29. Qc1 Nc4 30. Rd3 Qb5 31. Rf3 d3 32. Qh6 Nxa3 33. Rxa3 Qd7 0-1

[Event "TCh-FRA Top 12 2015"]
[Site "Montpellier FRA"]
[Date "2015.06.09"]
[Round "11.3"]
[Board "3"]
[White "Cornette, Matthieu"]
[Black "Picard, Romain"]
[Result "1-0"]
[WhiteTitle "GM"]
[BlackTitle "IM"]
[WhiteElo "2590"]
[BlackElo "2368"]
[WhiteTeam "C-E BOIS-COLOMBES"]
[BlackTeam "POITIERS-MIGNE"]
[WhiteFideId "620084"]
[BlackFideId "627216"]
[EventDate "2015.05.30"]

1. d4 e6 2. Nf3 f5 3. g3 Nf6 4. Bg2 d5 5. O-O Bd6 6. c4 c6 7. Nc3 O-O 8. Qc2 Qe7
9. Bg5 h6 10. Bf4 Bxf4 11. gxf4 dxc4 12. Ne5 Rd8 13. e3 Bd7 14. Ne2 Be8 15. Qxc4
Nd5 16. Qb3 Na6 17. a3 Rac8 18. Rac1 Rc7 19. Rfe1 Rdc8 20. f3 Qf6 21. e4 Ne7 22.
Ng3 Kh8 23. Bf1 b5 24. a4 c5 25. Bxb5 cxd4 26. Rxc7 Nxc7 27. Bxe8 Nxe8 28. Qb7
Kh7 29. Qxa7 fxe4 30. Qxd4 e3 31. Qxe3 Nf5 32. Nxf5 exf5 33. a5 Qh4 34. Rc1 Rb8
35. Nd3 Nf6 36. a6 Re8 37. Qf2 Qh5 38. Re1 Rd8 39. a7 Nd5 40. Ra1 Nc7 41. Ne5 1-0

[Event "TCh-FRA Top 12 2015"]
[Site "Montpellier FRA"]
[Date "2015.06.09"]
[Round "11.3"]
[Board "4"]
[White "Saada, Julien"]
[Black "Ipatov, Alexander"]
[Result "0-1"]
[WhiteTitle "FM"]
[BlackTitle "GM"]
[WhiteElo "2296"]
[BlackElo "2612"]
[WhiteTeam "POITIERS-MIGNE"]
[BlackTeam "C-E BOIS-COLOMBES"]
[WhiteFideId "625388"]
[BlackFideId "14116731"]
[EventDate "2015.05.30"]

1. d4 Nf6 2. Nf3 e6 3. e3 b6 4. Bd3 Bb7 5. Nbd2 g6 6. O-O Bg7 7. b3 O-O 8. Bb2
d6 9. e4 Nbd7 10. Qe2 Nh5 11. g3 c5 12. e5 cxd4 13. exd6 e5 14. c3 dxc3 15. Bxc3
e4 16. Bxe4 Bxc3 17. Bxb7 Rb8 18. Bd5 Ndf6 19. Qd3 Nxd5 20. Qxd5 Nf6 21. Qd3
Bxa1 22. Rxa1 b5 23. Rd1 Rb6 24. Nf1 Re8 25. Qd4 Ne4 26. d7 Re7 27. Re1 Rbe6 28.
Qxa7 Rxd7 29. Qa3 Ng5 30. Rxe6 Nxf3+ 31. Kg2 fxe6 32. Kxf3 Qf8+ 33. Qxf8+ Kxf8
34. Ne3 Ra7 35. Nc2 Rxa2 36. Nd4 Ke7 37. Nxb5 Rb2 38. Nd4 Kd6 39. Ke3 Kd5 40.
Nf3 Rxb3+ 41. Ke2 Ra3 42. h4 h6 43. Nh2 Ke4 44. Kf1 e5 45. Kg2 Kf5 46. Nf1 e4
47. Kg1 Ra1 48. Kg2 Re1 49. Nh2 Re2 50. Nf1 Ke5 51. Ne3 Rxe3 52. fxe3 Kd5 53. h5
gxh5 0-1

[Event "TCh-FRA Top 12 2015"]
[Site "Montpellier FRA"]
[Date "2015.06.09"]
[Round "11.3"]
[Board "5"]
[White "Guichard, Pauline"]
[Black "Leriche, Luc"]
[Result "1-0"]
[WhiteTitle "WGM"]
[WhiteElo "2367"]
[BlackElo "2129"]
[WhiteTeam "C-E BOIS-COLOMBES"]
[BlackTeam "POITIERS-MIGNE"]
[WhiteFideId "639370"]
[BlackFideId "20600291"]
[EventDate "2015.05.30"]

1. c4 e5 2. Nc3 Nf6 3. e4 Bc5 4. d3 d6 5. Be2 h6 6. Nf3 Nc6 7. O-O a6 8. Be3 Nd4
9. Bxd4 exd4 10. Nb1 O-O 11. Nbd2 Ba7 12. b4 Re8 13. a4 c5 14. b5 Bb6 15. Nb3
Ba5 16. Nxa5 Qxa5 17. Nd2 Bd7 18. f4 axb5 19. axb5 Qc3 20. Rc1 Qb4 21. Rb1 Qa4
22. Nb3 Qa7 23. Bf3 Qb6 24. Ra1 Ra7 25. Rxa7 Qxa7 26. Qa1 Qb8 27. b6 Ng4 28. Qa7
Ne3 29. Qxb8 Rxb8 30. Ra1 Nc2 31. Ra7 Bc6 32. e5 Bxf3 33. gxf3 Ne1 34. exd6 Nxd3
35. d7 Rd8 36. Rxb7 Nxf4 37. Rc7 Ne6 38. Nxd4 cxd4 39. Rc5 Rxd7 40. Rd5 Rb7 41.
c5 Kf8 42. c6 Rxb6 43. c7 Rc6 44. Rd8+ 1-0

[Event "TCh-FRA Top 12 2015"]
[Site "Montpellier FRA"]
[Date "2015.06.09"]
[Round "11.3"]
[Board "6"]
[White "Fougerit, Valentin"]
[Black "Koziak, Vitali"]
[Result "0-1"]
[BlackTitle "IM"]
[WhiteElo "2225"]
[BlackElo "2467"]
[WhiteTeam "POITIERS-MIGNE"]
[BlackTeam "C-E BOIS-COLOMBES"]
[WhiteFideId "634670"]
[BlackFideId "14102234"]
[EventDate "2015.05.30"]

1. e4 e5 2. Nf3 Nc6 3. Bc4 Nf6 4. d3 h6 5. O-O d6 6. c3 g6 7. d4 Qe7 8. Re1 Bg7
9. h3 O-O 10. Nbd2 Bd7 11. Nf1 Rae8 12. Ng3 Kh8 13. Bd3 Nh7 14. d5 Nd8 15. Qc2
h5 16. Bd2 h4 17. Nf1 f5 18. c4 c5 19. b4 cxb4 20. Bxb4 b6 21. Qc1 Nb7 22. Qa3
a5 23. Bd2 Nc5 24. Rad1 Rf7 25. N1h2 fxe4 26. Bxe4 Bf5 27. Bxf5 gxf5 28. Rb1 Qd8
29. Be3 e4 30. Bxc5 bxc5 31. Nd2 Rg8 32. Ndf1 Bd4 33. Kh1 Qg5 34. g4 hxg3 35.
fxg3 Qh4 36. Rb8 Qxh3 37. Rxg8+ Kxg8 38. Qxa5 Nf6 39. Qd8+ Kg7 40. Qxd6 Rb7 41.
Re2 Rb1 42. Qf4 Nh5 43. Qc7+ Kg6 44. Qd6+ Kg5 45. Rf2 Rxf1+ 0-1

[Event "TCh-FRA Top 12 2015"]
[Site "Montpellier FRA"]
[Date "2015.06.09"]
[Round "11.3"]
[Board "7"]
[White "Congiu, Mathilde"]
[Black "Picard, Clement"]
[Result "1/2-1/2"]
[WhiteTitle "WIM"]
[WhiteElo "2259"]
[BlackElo "2180"]
[WhiteTeam "C-E BOIS-COLOMBES"]
[BlackTeam "POITIERS-MIGNE"]
[WhiteFideId "634581"]
[BlackFideId "615455"]
[EventDate "2015.05.30"]

1. d4 e6 2. Nf3 Nf6 3. Bf4 Nh5 4. Bg5 Be7 5. Bxe7 Qxe7 6. c3 d5 7. Nbd2 Nf6 8.
e3 Nbd7 9. Bd3 e5 10. dxe5 Nxe5 11. Nxe5 Qxe5 12. Qa4+ c6 13. Qa3 Qe7 14. Qxe7+
Kxe7 15. f3 Be6 16. Ke2 Rad8 17. Nb3 Bc8 18. a4 Rhe8 19. a5 Kf8 20. Kf2 Nd7 21.
Rhe1 Ne5 22. Bb1 Nc4 23. Re2 Nd6 24. g4 Re7 25. Bd3 Rde8 26. h3 Bd7 27. Nc5 Bc8
28. Nb3 Bd7 29. Nc5 Bc8 30. b3 Rd8 31. Raa2 Rde8 32. Ra1 Rd8 33. Raa2 Rde8 34.
Ra1 1/2-1/2

[Event "TCh-FRA Top 12 2015"]
[Site "Montpellier FRA"]
[Date "2015.06.09"]
[Round "11.3"]
[Board "8"]
[White "Le Bail, Clara"]
[Black "Plane, Boris"]
[Result "1/2-1/2"]
[WhiteElo "1976"]
[BlackElo "2069"]
[WhiteTeam "POITIERS-MIGNE"]
[BlackTeam "C-E BOIS-COLOMBES"]
[WhiteFideId "648167"]
[BlackFideId "610895"]
[EventDate "2015.05.30"]

1. e4 g6 2. d4 Bg7 3. Nf3 d6 4. c3 Nf6 5. Bd3 Nbd7 6. O-O O-O 7. Re1 e5 8. Nbd2
Re8 9. a4 a5 10. Nc4 h6 11. h3 exd4 12. cxd4 d5 13. e5 dxc4 14. exf6 Rxe1+ 15.
Qxe1 Qxf6 16. Bxc4 Nf8 17. Qe8 b6 18. Ne5 Bb7 19. Qxf7+ Qxf7 20. Bxf7+ Kh7 21.
Bd2 Rd8 22. Bc3 Bd5 23. Bxd5 Rxd5 24. Re1 g5 25. g3 Ne6 26. Nf3 Rd6 27. d5 Bxc3
28. bxc3 Nc5 29. Re7+ Kg6 30. Rxc7 Rxd5 31. Rc6+ Kg7 32. Rxb6 Nxa4 33. Rb7+ Kg8
34. c4 Rf5 35. Nd4 Rc5 36. Ra7 Rxc4 37. Nb3 Rc2 38. Rxa5 Nc3 39. Rf5 Ne2+ 40.
Kf1 Kg7 41. Rf3 Kg6 42. Re3 Nc3 43. Nd4 Rc1+ 44. Re1 Rxe1+ 45. Kxe1 Nd5 46. Ke2
h5 47. Kf3 Kf6 48. Nc2 Nb6 49. Ne3 Ke5 50. Ng2 Nc4 51. h4 Kf6 52. hxg5+ Kxg5 53.
Nh4 Nd2+ 54. Kg2 Kg4 55. f3+ Kg5 56. Kh3 Kf6 57. f4 Ne4 58. Nf3 Nd6 59. Nd4 Kf7
60. Kh4 Kg6 61. Nf3 Nf5+ 62. Kh3 Nh6 63. Nh4+ Kf6 64. Kg2 Ng4 65. Kf3 Nh2+ 66.
Ke2 Ke6 67. Nf3 Ng4 68. Nd4+ Kf6 69. Kf3 Nh6 70. Ke4 Ng4 71. Ne2 Kg6 72. Nd4 Kf6
73. Ne2 Nf2+ 74. Kf3 Ng4 75. Nc3 Kf5 76. Nd5 Nh2+ 77. Ke2 h4 78. gxh4 Ke4 79. h5
Ng4 80. Ne3 Nh6 81. Ng2 Ng4 82. Kf1 Kf3 83. Kg1 Nh6 84. Kf1 Nf5 85. Ne1+ Kxf4
86. Kf2 Kg4 87. Nd3 Kxh5 1/2-1/2

[Event "TCh-FRA Top 12 2015"]
[Site "Montpellier FRA"]
[Date "2015.06.09"]
[Round "11.4"]
[Board "4"]
[White "Lagarde, Maxime"]
[Black "Degraeve, Jean-Marc"]
[Result "0-1"]
[WhiteTitle "GM"]
[BlackTitle "GM"]
[WhiteElo "2565"]
[BlackElo "2555"]
[WhiteTeam "CLICHY-ECHECS-92"]
[BlackTeam "MULHOUSE PHILIDOR"]
[WhiteFideId "662399"]
[BlackFideId "600270"]
[EventDate "2015.05.30"]

1. d4 Nf6 2. c4 g6 3. Nc3 Bg7 4. e4 d6 5. Nge2 O-O 6. Ng3 e5 7. d5 a5 8. Bd3 Na6
9. O-O h5 10. Bg5 Qe8 11. h3 Nh7 12. Be3 Qe7 13. a3 Bd7 14. Rb1 Bf6 15. Nge2 Bg5
16. f4 exf4 17. Nxf4 Nc5 18. Bc2 Rfe8 19. b4 axb4 20. axb4 Nxe4 21. Nxe4 Bf5 22.
Nxg5 Qxe3+ 23. Kh1 Bxc2 24. Qxc2 Nxg5 25. Nxg6 Qe4 26. Qxe4 Nxe4 27. Nf4 Ng3+
28. Kh2 Nxf1+ 29. Rxf1 Re5 30. Kg3 Ra4 31. Rb1 Ra3+ 32. Kh4 Re4 33. Rf1 Rxc4 34.
Kxh5 Rxb4 35. g4 Rxf4 36. Rxf4 Rxh3+ 37. Kg5 Kg7 38. Rc4 Rd3 39. Rxc7 Rxd5+ 40.
Kf4 b5 41. Rb7 Kf6 42. Rb8 Rd4+ 43. Kf3 b4 44. Rb7 Rd3+ 45. Ke4 Rb3 46. Kd5 Rb1
47. Kxd6 b3 48. Kc7 b2 49. Kb8 Kg5 50. Rb4 f6 51. Kb7 Rc1 0-1

[Event "TCh-FRA Top 12 2015"]
[Site "Montpellier FRA"]
[Date "2015.06.09"]
[Round "11.4"]
[Board "5"]
[White "Riff, Jean-Noel"]
[Black "Van Wely, Loek"]
[Result "1-0"]
[WhiteTitle "GM"]
[BlackTitle "GM"]
[WhiteElo "2488"]
[BlackElo "2653"]
[WhiteTeam "MULHOUSE PHILIDOR"]
[BlackTeam "CLICHY-ECHECS-92"]
[WhiteFideId "611190"]
[BlackFideId "1000268"]
[EventDate "2015.05.30"]

1. e4 c5 2. Nf3 e6 3. d4 cxd4 4. Nxd4 a6 5. Be2 Nf6 6. Nc3 d6 7. O-O Be7 8. f4
O-O 9. Kh1 Qc7 10. Qe1 Nc6 11. Be3 Bd7 12. Qg3 Kh8 13. Rad1 Rac8 14. Rd2 Rfd8
15. e5 dxe5 16. fxe5 Qxe5 17. Bf4 Qc5 18. Nb3 Qa7 19. Bd3 Be8 20. Bg5 Nh5 21.
Qh4 f6 22. Rdf2 Ne5 23. Be2 Ng6 24. Qxh5 fxg5 25. Bd3 b5 26. Qh3 Rxd3 27. cxd3
b4 28. Nd5 Qb7 29. Qxe6 Bd7 30. Qe4 Bd6 31. Rf7 Ne5 32. Qxe5 1-0

[Event "TCh-FRA Top 12 2015"]
[Site "Montpellier FRA"]
[Date "2015.06.09"]
[Round "11.4"]
[Board "6"]
[White "Tregubov, Pavel V."]
[Black "Sokolov, Andrei1"]
[Result "1-0"]
[WhiteTitle "GM"]
[BlackTitle "GM"]
[WhiteElo "2571"]
[BlackElo "2520"]
[WhiteTeam "CLICHY-ECHECS-92"]
[BlackTeam "MULHOUSE PHILIDOR"]
[WhiteFideId "4115341"]
[BlackFideId "627089"]
[EventDate "2015.05.30"]

1. d4 Nf6 2. c4 e6 3. Nc3 Bb4 4. e3 O-O 5. Bd3 d5 6. Nf3 c5 7. O-O Nc6 8. cxd5
exd5 9. dxc5 Bxc5 10. h3 a6 11. b3 Re8 12. Bb2 Qd6 13. Rc1 Bd7 14. Bb1 Rad8 15.
Nxd5 Nxd5 16. Qc2 Qh6 17. Qxc5 Bxh3 18. Rc4 Bxg2 19. Kxg2 Qh5 20. Rfc1 Nxe3+ 21.
fxe3 Rd5 22. Qb6 g5 23. Rh1 Rd2+ 24. Nxd2 Qe2+ 25. Kg1 Qxd2 26. Bxh7+ Kf8 27.
Qc5+ 1-0

[Event "TCh-FRA Top 12 2015"]
[Site "Montpellier FRA"]
[Date "2015.06.09"]
[Round "11.4"]
[Board "7"]
[White "Burri, Quentin"]
[Black "Delorme, Axel"]
[Result "0-1"]
[WhiteTitle "FM"]
[BlackTitle "IM"]
[WhiteElo "2287"]
[BlackElo "2497"]
[WhiteTeam "MULHOUSE PHILIDOR"]
[BlackTeam "CLICHY-ECHECS-92"]
[WhiteFideId "26028654"]
[BlackFideId "632023"]
[EventDate "2015.05.30"]

1. e4 e5 2. Nf3 Nc6 3. d4 exd4 4. Nxd4 Nf6 5. Nxc6 bxc6 6. e5 Nd5 7. c4 Ne7 8.
Bd3 Ng6 9. O-O d6 10. exd6 Bxd6 11. Re1+ Be6 12. Qc2 O-O 13. Nd2 Qh4 14. g3 Qh5
15. Be2 Bg4 16. f3 Bf5 17. Ne4 Bc5+ 18. Kh1 Rfe8 19. Bd1 Rad8 20. Bd2 Ne5 21. g4
Bxe4 22. Qxe4 Qh3 23. Qe2 f5 24. f4 Nd3 0-1

[Event "TCh-FRA Top 12 2015"]
[Site "Montpellier FRA"]
[Date "2015.06.09"]
[Round "11.4"]
[Board "8"]
[White "Skripchenko, Almira"]
[Black "Choisy, Mathilde"]
[Result "1-0"]
[WhiteTitle "IM"]
[BlackTitle "WFM"]
[WhiteElo "2421"]
[BlackElo "2182"]
[WhiteTeam "CLICHY-ECHECS-92"]
[BlackTeam "MULHOUSE PHILIDOR"]
[WhiteFideId "13900145"]
[BlackFideId "634565"]
[EventDate "2015.05.30"]

1. e4 c5 2. Nf3 e6 3. g3 Nc6 4. Bg2 Nf6 5. Qe2 e5 6. O-O d6 7. a3 Be7 8. c3 O-O
9. b4 b6 10. Bb2 Qc7 11. d4 Bb7 12. dxc5 bxc5 13. Nbd2 Nd7 14. Ne1 Nb6 15. Rb1
Nb8 16. Nc2 Na4 17. Ne3 g6 18. Qd3 Nd7 19. Ba1 Nab6 20. Rfd1 Rad8 21. h4 Nf6 22.
c4 cxb4 23. axb4 a5 24. bxa5 Na4 25. Nb3 Ba6 26. Qc2 Rb8 27. Bf1 Rfc8 28. Bd3
Nc5 29. Nxc5 Qxc5 30. Bc3 Bd8 31. Ra1 Nh5 32. Kh2 Ng7 33. Be2 h5 34. Qd2 Rc6 35.
Rab1 Rxb1 36. Rxb1 Kh7 37. Bb4 Qd4 38. Qxd4 exd4 39. Nd5 Ne6 40. Rd1 Kg7 41. f4
Nc5 42. Rxd4 Nb3 43. Rd1 Bxc4 44. Bxc4 Rxc4 45. Bc3+ Kh6 46. a6 Ra4 47. Rb1 Nc5
48. Rb8 Ra2+ 49. Kg1 Ne6 50. f5 1-0

[Event "TCh-FRA Top 12 2015"]
[Site "Montpellier FRA"]
[Date "2015.06.09"]
[Round "11.5"]
[Board "1"]
[White "Fier, Alexandr"]
[Black "Edouard, Romain"]
[Result "1/2-1/2"]
[WhiteTitle "GM"]
[BlackTitle "GM"]
[WhiteElo "2632"]
[BlackElo "2627"]
[WhiteTeam "MONTPELLIER"]
[BlackTeam "BISCHWILLER"]
[WhiteFideId "2107139"]
[BlackFideId "633429"]
[EventDate "2015.05.30"]

1. e4 c5 2. Nf3 d6 3. d4 cxd4 4. Nxd4 Nf6 5. Nc3 g6 6. Be3 Bg7 7. f3 Nc6 8. Qd2
O-O 9. Bc4 Bd7 10. O-O-O Rc8 11. Bb3 Nxd4 12. Bxd4 b5 13. Nd5 Nxd5 14. Bxg7 Kxg7
15. exd5 1/2-1/2

[Event "TCh-FRA Top 12 2015"]
[Site "Montpellier FRA"]
[Date "2015.06.09"]
[Round "11.5"]
[Board "3"]
[White "Smith, Axel"]
[Black "Schlosser, Philipp"]
[Result "1/2-1/2"]
[WhiteTitle "IM"]
[BlackTitle "GM"]
[WhiteElo "2454"]
[BlackElo "2577"]
[WhiteTeam "MONTPELLIER"]
[BlackTeam "BISCHWILLER"]
[WhiteFideId "1707930"]
[BlackFideId "4600169"]
[EventDate "2015.05.30"]

1. d4 Nf6 2. c4 e6 3. g3 d5 4. Nf3 Be7 5. Bg2 O-O 6. O-O c6 7. Qc2 b6 8. Rd1 Ba6
9. Nbd2 Nbd7 10. e4 dxc4 11. Nxc4 Rc8 12. b3 b5 13. Ne3 Qb6 14. Bb2 Bb7 15. Rac1
Rfd8 16. h4 h6 17. Kh1 Bf8 18. Nh2 c5 19. d5 exd5 20. exd5 c4 21. bxc4 bxc4 22.
Bd4 Bc5 23. Rb1 Qa6 24. Qxc4 Qxc4 25. Nxc4 Bxd5 26. Bxd5 Nxd5 27. Bxg7 Kxg7 28.
Rxd5 Bxf2 29. Ng4 Nb6 30. Rxd8 Rxd8 31. Nxf2 Nxc4 32. Rc1 Rd4 33. Kg2 f5 34. Kf3
Kf6 35. Rd1 Rxd1 36. Nxd1 Ke5 37. Ne3 Nd2+ 38. Ke2 Ne4 39. Kf3 Nd2+ 40. Ke2 Ne4
41. Kf3 Nd2+ 1/2-1/2

[Event "TCh-FRA Top 12 2015"]
[Site "Montpellier FRA"]
[Date "2015.06.09"]
[Round "11.5"]
[Board "4"]
[White "Ragger, Markus"]
[Black "Daulyte, Deimante"]
[Result "1-0"]
[WhiteTitle "GM"]
[BlackTitle "IM"]
[WhiteElo "2668"]
[BlackElo "2402"]
[WhiteTeam "BISCHWILLER"]
[BlackTeam "MONTPELLIER"]
[WhiteFideId "1610856"]
[BlackFideId "12802859"]
[EventDate "2015.05.30"]

1. Nf3 d5 2. d4 Nf6 3. c4 e6 4. g3 dxc4 5. Bg2 c5 6. O-O Nc6 7. dxc5 Qxd1 8.
Rxd1 Bxc5 9. Nbd2 Bd7 10. Nxc4 O-O 11. Bf4 h6 12. Rac1 Rfd8 13. Bc7 Rdc8 14. Bd6
Nb4 15. Nfe5 Nxa2 16. Ra1 Ba4 17. Rf1 Bb3 18. Bxb7 Rab8 19. Bxb8 Rxb8 20. Na5
Rxb7 21. Nxb7 Bb6 22. Nd6 Nd5 23. Nec4 Bc7 24. Nd2 Bxd6 25. Nxb3 Ndb4 26. Nc1
Nxc1 27. Rfxc1 Be5 28. Rxa7 Bxb2 29. Rc8+ Kh7 30. Rb7 1-0

[Event "TCh-FRA Top 12 2015"]
[Site "Montpellier FRA"]
[Date "2015.06.09"]
[Round "11.5"]
[Board "5"]
[White "Flear, Glenn C"]
[Black "Le Roux, Jean-Pierre"]
[Result "0-1"]
[WhiteTitle "GM"]
[BlackTitle "GM"]
[WhiteElo "2460"]
[BlackElo "2546"]
[WhiteTeam "MONTPELLIER"]
[BlackTeam "BISCHWILLER"]
[WhiteFideId "400165"]
[BlackFideId "609404"]
[EventDate "2015.05.30"]

1. d4 Nf6 2. c4 e6 3. Nf3 b6 4. a3 Ba6 5. e3 Be7 6. Bd3 d5 7. Nbd2 dxc4 8. Nxc4
O-O 9. O-O c5 10. dxc5 bxc5 11. Qe2 Nc6 12. Rd1 Qc7 13. e4 Rfd8 14. e5 Bxc4 15.
Bxc4 Rxd1+ 16. Qxd1 Nxe5 17. Nxe5 Qxe5 18. Qe2 Qxe2 19. Bxe2 Rb8 20. b4 Nd5 21.
Bd2 cxb4 22. axb4 Bxb4 23. Bxb4 Rxb4 24. Rxa7 g5 25. g3 g4 26. h4 Rb1+ 27. Kg2
Rb2 28. Kf1 h5 29. Bc4 Nc3 30. Kg1 Rb1+ 31. Kg2 Rb2 32. Kg1 Rb4 33. Rc7 Ne4 34.
Bd3 Nd2 35. Kg2 Rd4 36. Bb5 Ne4 37. Rc4 Rxc4 38. Bxc4 Nd2 39. Bb5 Kf8 40. Ba4
Ke7 41. Bb5 f5 42. Ba4 e5 43. Bc2 Ke6 44. Bd3 Nf3 45. Bc4+ Ke7 46. Bd5 Nd4 47.
Bb7 Kf6 48. Bd5 f4 49. Be4 f3+ 50. Kf1 Nb5 51. Bc6 Nd6 52. Ke1 e4 53. Kd2 Ke5
54. Bd7 Kd4 55. Be6 e3+ 56. fxe3+ Ke5 0-1

[Event "TCh-FRA Top 12 2015"]
[Site "Montpellier FRA"]
[Date "2015.06.09"]
[Round "11.5"]
[Board "6"]
[White "Marcelin, Cyril"]
[Black "Touzane, Olivier"]
[Result "1/2-1/2"]
[WhiteTitle "GM"]
[BlackTitle "IM"]
[WhiteElo "2476"]
[BlackElo "2339"]
[WhiteTeam "BISCHWILLER"]
[BlackTeam "MONTPELLIER"]
[WhiteFideId "607274"]
[BlackFideId "602906"]
[EventDate "2015.05.30"]

1. Nf3 g6 2. d4 f5 3. g3 Nf6 4. Bg2 Bg7 5. O-O O-O 6. b3 d6 7. Bb2 Qe8 8. Nbd2
h6 9. c4 c6 10. Qc2 Na6 11. a3 g5 12. e4 fxe4 13. Nxe4 Qg6 14. Nxf6+ Qxf6 15.
Rae1 Bf5 16. Qd2 Rf7 17. Ba1 Qg6 18. Re3 Raf8 19. h4 Bg4 20. Nh2 Bd7 21. hxg5
hxg5 22. Qe2 Bf6 23. Ng4 Rh7 24. Be4 Bf5 25. Bxf5 Qxf5 26. f3 Nc7 27. Qd3 Qxd3
28. Rxd3 d5 29. a4 Kf7 30. Bc3 Rd8 31. c5 Ne6 32. Kg2 Rdh8 33. b4 a6 34. Re1 Ng7
35. Bd2 Nf5 36. Be3 Nh6 37. Nxh6+ Rxh6 38. Bg1 g4 39. f4 Kg6 40. Re2 Kf5 41. Rd1
Rh1 42. Rdd2 R8h3 43. Rd3 Kg6 1/2-1/2

[Event "TCh-FRA Top 12 2015"]
[Site "Montpellier FRA"]
[Date "2015.06.09"]
[Round "11.5"]
[Board "8"]
[White "Maisuradze, Nino"]
[Black "Boyd, Stephen"]
[Result "1/2-1/2"]
[WhiteTitle "WGM"]
[BlackTitle "FM"]
[WhiteElo "2279"]
[BlackElo "2273"]
[WhiteTeam "BISCHWILLER"]
[BlackTeam "MONTPELLIER"]
[WhiteFideId "13601717"]
[BlackFideId "616672"]
[EventDate "2015.05.30"]

1. d4 d6 2. c4 e5 3. Nc3 Nd7 4. Nf3 Ngf6 5. e3 g6 6. Be2 Bg7 7. O-O O-O 8. b4
Re8 9. Bb2 e4 10. Nd2 Nf8 11. Qc2 1/2-1/2

[Event "TCh-FRA Top 12 2015"]
[Site "Montpellier FRA"]
[Date "2015.06.09"]
[Round "11.6"]
[Board "1"]
[White "Nataf, Igor-Alexandre"]
[Black "Sokolov, Ivan"]
[Result "1/2-1/2"]
[WhiteTitle "GM"]
[BlackTitle "GM"]
[WhiteElo "2534"]
[BlackElo "2623"]
[WhiteTeam "C.E. STRASBOURG"]
[BlackTeam "L'ECHIQUIER CHALONNAIS"]
[WhiteFideId "605492"]
[BlackFideId "14400030"]
[EventDate "2015.05.30"]

1. e4 e5 2. Nf3 Nc6 3. Bc4 g6 4. c3 Bg7 5. d4 d6 6. dxe5 dxe5 7. Qxd8+ Nxd8 8.
Na3 a6 9. Nc2 Nf6 10. Nxe5 Nxe4 11. Nf3 Be6 12. Bd3 Nc5 13. Be2 Bf5 14. Be3 Bxc2
15. Bxc5 Ne6 16. Be3 O-O-O 17. Ng5 Nxg5 18. Bxg5 Rde8 19. Be3 f5 20. O-O h5 21.
Rac1 Be4 22. Bc4 Bf6 23. Rcd1 g5 1/2-1/2

[Event "TCh-FRA Top 12 2015"]
[Site "Montpellier FRA"]
[Date "2015.06.09"]
[Round "11.6"]
[Board "3"]
[White "Sebag, Marie"]
[Black "Salgado Lopez, Ivan"]
[Result "1/2-1/2"]
[WhiteTitle "GM"]
[BlackTitle "GM"]
[WhiteElo "2483"]
[BlackElo "2616"]
[WhiteTeam "C.E. STRASBOURG"]
[BlackTeam "L'ECHIQUIER CHALONNAIS"]
[WhiteFideId "617822"]
[BlackFideId "2257327"]
[EventDate "2015.05.30"]

1. e4 c5 2. Nf3 d6 3. Bb5+ Nd7 4. O-O a6 5. Bd3 Ngf6 6. Re1 e6 7. c3 b5 8. Bc2
c4 9. a4 Bb7 10. d4 cxd3 11. Bxd3 bxa4 12. Qxa4 Be7 13. e5 dxe5 14. Nxe5 O-O 15.
Nxd7 Nxd7 16. Qc2 Nf6 17. Nd2 Qc7 18. h3 Rfd8 19. Ne4 Nd5 20. Ng5 h6 21. Nf3
Rac8 22. Bh7+ Kh8 23. Be4 a5 24. Qe2 Bf6 25. Bd2 Qb6 26. Bd3 Qxb2 27. Qe4 g6 28.
Rab1 Nxc3 29. Bxc3 Qxc3 30. Rxb7 Qxd3 31. Qxd3 Rxd3 32. Rxf7 Bg7 1/2-1/2

[Event "TCh-FRA Top 12 2015"]
[Site "Montpellier FRA"]
[Date "2015.06.09"]
[Round "11.6"]
[Board "4"]
[White "Dourerassou, Jonathan"]
[Black "Sanikidze, Tornike"]
[Result "1/2-1/2"]
[WhiteTitle "IM"]
[BlackTitle "GM"]
[WhiteElo "2414"]
[BlackElo "2515"]
[WhiteTeam "L'ECHIQUIER CHALONNAIS"]
[BlackTeam "C.E. STRASBOURG"]
[WhiteFideId "628050"]
[BlackFideId "13602608"]
[EventDate "2015.05.30"]

1. e4 e5 2. Nf3 Nc6 3. d4 exd4 4. Nxd4 Bb4+ 5. c3 Bc5 6. Be3 Bb6 7. Bc4 Nf6 8.
Nxc6 bxc6 9. Bxb6 axb6 10. e5 Nd5 11. O-O d6 12. exd6 Qxd6 13. Re1+ Be6 14. Nd2 1/2-1/2

[Event "TCh-FRA Top 12 2015"]
[Site "Montpellier FRA"]
[Date "2015.06.09"]
[Round "11.6"]
[Board "5"]
[White "Vaisser, Anatoly"]
[Black "Velten, Paul"]
[Result "1/2-1/2"]
[WhiteTitle "GM"]
[BlackTitle "IM"]
[WhiteElo "2530"]
[BlackElo "2457"]
[WhiteTeam "C.E. STRASBOURG"]
[BlackTeam "L'ECHIQUIER CHALONNAIS"]
[WhiteFideId "603252"]
[BlackFideId "681091"]
[EventDate "2015.05.30"]

1. d4 Nf6 2. c4 e6 3. Nc3 Bb4 4. e3 O-O 5. Be2 c5 6. Nf3 Bxc3+ 7. bxc3 b6 8. O-O
d6 9. Nd2 Bb7 10. f3 Nc6 11. Nb3 a5 12. a4 Ba6 13. e4 cxd4 14. cxd4 Rc8 15. Ba3
Re8 16. Qd2 d5 17. cxd5 Bxe2 18. Qxe2 exd5 19. e5 Nh5 20. f4 g6 21. f5 Ng7 22.
f6 Ne6 23. Qd2 Nb4 24. Qh6 Rc3 25. Nd2 Kh8 26. Nf3 Rg8 27. Ng5 Nxg5 28. Qxg5 Qc8
29. Bb2 Rc2 30. Rac1 Rxc1 31. Rxc1 Qd7 32. Rf1 Nc6 33. Rf3 Nd8 34. Rh3 Qf5 35.
Qxf5 gxf5 36. Rc3 Ne6 37. Rc6 h5 38. Rxb6 h4 39. Kf2 Rc8 40. Rb3 Rc2+ 41. Kf1
Kh7 42. Bc3 Rc1+ 43. Kf2 Rc2+ 44. Kf1 Rc1+ 45. Kf2 Rc2+ 1/2-1/2